| 000 | 00883nas a2200289 4500 | ||
|---|---|---|---|
| 001 | BR8202313 | ||
| 003 | BR-BrBNA | ||
| 005 | 20231205085138.0 | ||
| 007 | ta | ||
| 008 | 230509b bl.|||p| |||| 00| 00por d | ||
| 040 |
_aBR-BrBNA _bpor _cBiblioteca Nacional de Agricultura |
||
| 041 | _a(Pt) | ||
| 072 | _aF22; F25 | ||
| 100 | 1 | _aKorndorfer, G.H. | |
| 100 | 1 | _aVolkweiss, S.J. | |
| 245 | 1 | _aComportamento do superfosfato triplo aplicado em po e granulado [fertilizante fosfatado, Rio Grande do Sul, Brasil] | |
| 650 | _aFERTILIZANTE FOSFATADO | ||
| 650 | _aSOJA | ||
| 650 | _aTRIGO | ||
| 650 | _aSUPERFOSFATO TRIPLO | ||
| 650 | _aQUIMICA DO SOLO | ||
| 650 | _aFOSFORO | ||
| 650 | _aRIO GRANDE DO SUL | ||
| 773 | 0 |
_tTrigo e Soja (Brazil) _xISSN 0100-5456 _g(Jan 1982), (no. 59) p. 16-19 _wBR8202313 |
|
| 909 |
_a202311 _bLúcia _c55 _dLúcia Elande |
||
| 942 |
_2AGRIS _n0 _cANA |
||
| 999 |
_c109519 _d109519 |
||